000 00582nam a22002057a 4500
001 0000078754
003 DO-SdBNP
005 20180201125320.0
008 160524b 1996 a xxu 00| 0 spa d
020 _a059042064X
040 _aBPMSU
_bspa
_cBPMSU
092 _axxxxx
_bxxxxx
100 1 _aCutler, Jane
245 1 _aRats! /
_cJane Cutler ; pyctures by Tracey Campbell Pearson.
260 _aNew York :
_bScholastic.
_c1996.
300 _a114 p. :
_bil. ;
_c20 cm.
942 _2ddc
_cBK
945 _aInventariado, 2018/ YL
956 _2LOPEREZ
_310
_620160524
_8BPMSU
_a00041
999 _c10211
_d10211